Topics In Application Of Calculus/ (Record no. 186978)
[ view plain ]
| 000 -LEADER | |
|---|---|
| fixed length control field | 00580nam a22001937a 4500 |
| 005 - DATE AND TIME OF LATEST TRANSACTION | |
| control field | 20220324150108.0 |
| 010 ## - LCCN (DPL NO) | |
| LC control number | ENG-132115 |
| 020 ## - INTERNATIONAL STANDARD BOOK NUMBER | |
| International Standard Book Number | 9789387162181 |
| Terms of availability | 200.00 |
| 035 ## - SYSTEM CONTROL NUMBER | |
| System control number | EN-115647 |
| 037 ## - SOURCE OF ACQUISITION | |
| Source of stock number/acquisition | DBAD/PUB |
| 082 ## - DEWEY DECIMAL CLASSIFICATION NUMBER | |
| Classification number | 515.3 |
| 100 ## - MAIN ENTRY--PERSONAL NAME | |
| Personal name | Mukherjee, Subir Kumar |
| 245 ## - TITLE STATEMENT | |
| Title | Topics In Application Of Calculus/ |
| Statement of responsibility, etc | Subir Kumar Mukherjee |
| 250 ## - EDITION STATEMENT | |
| Edition statement | Second Edition |
| 260 ## - PUBLICATION, DISTRIBUTION, ETC. (IMPRINT) | |
| Place of publication, distribution, etc | Kolkata |
| Name of publisher, distributor, etc | Academic Publishere |
| Date of publication, distribution, etc | 2015 |
| 270 ## - ADDRESS | |
| Address | 5A, Bhawani Dutta Lane |
| City | Kolkata |
| Postal code | 700073 |
| 300 ## - PHYSICAL DESCRIPTION | |
| Extent | vii, 260p |
| Dimensions | 24cm(pbk) |
| Other physical details | Reference |
| 942 ## - ADDED ENTRY ELEMENTS (KOHA) | |
| Source of classification or shelving scheme | Dewey Decimal Classification |
| Item type | English Books |
| Call number suffix | MUK |
| Classification part | 515.3 |
| Withdrawn status | Lost status | Not for loan | Collection code | Home library | Current library | Date acquired | Source of acquisition | Cost, normal purchase price | Full call number | Barcode | Copy number | Cost, replacement price | Koha item type |
|---|---|---|---|---|---|---|---|---|---|---|---|---|---|
| Non-fiction | Central Library | Central Library | 24/03/2022 | DBAD/PUB | 200.00 | 515.3 MUK | EN-115647 | 1 | 200.00 | English Books |
